000 00548pab a2200181 454500
008 180718b2000 xxu||||| |||| 00| 0 eng d
100 _aMillar, Michelle
245 _aAccountability and performance measurement: an assessment of the Irish health care system
260 _c2000
300 _ap.285-96
362 _aJun
650 _aAccountability - Ireland
650 _aHealth services - Ireland
650 _aHealth services
700 _aMcKevitt, David M.
773 _aInternational Review of Administrative Sciences
909 _a45819
999 _c45819
_d45819